=LDR 00000nam 2200000 4500 =001 INLIS000000000027764 =005 20130612130120 =008 ***********************************Ind** =035 ##$$0010-061300000027764 =041 ##$$a Ind =082 ##$$a 786.2 =090 ##$$a 786.2, Mul m =100 ##$$a Mulyanto, Eko S =245 ##$$a Mahir bermain keyboard tunggal, Eko S Mulyanto ; penyunting, Ida Ayu Maruti =260 ##$$a 2006 $b Jakarta =300 ##$$a viii, 74 hlm, ilus, 27 cm =650 ##$$a Musik piano =700 ##$$a Maruti, Ida ayu =850 ##$$a NBPNMAT =990 ##$$a 0001/BPAP-NTB/20142014 =990 ##$$a 0001/BPAP-NTB/2016